Zaza gerçeği (Record no. 434)

MARC details
000 -BAŞLIK
Sabit Uzunlukta Kontrol Alanı 00660na a2200253 4500
001 - KONTROL NUMARASI
Denetim Alanı 13344
003 - KONTROL NUMARASI IDENTIFIER
Denetim Alanı MIRAKIL
005 - SON İŞLEM TARİHİ VE ZAMANI
Denetim Alanı 20181213154748.0
008 - SABİT-BOY VERİ ELEMANLARI - GENEL BİLGİLER
Sabit Uzunlukta Kontrol Alanı 161024b tu 000 0
035 ## - SİSTEM KONTROL NUMARASI
Sistem Kontrol Numarası 13344
040 ## - KATALOGLAMA KAYNAK
Orijinal Kataloglama Ajansı Milas
Kataloglama Dili tur
Metne Dönüştürmek Ajansı TR-AnCHP
041 ## - DİL KODU
Metin / Ses Parça Veya Ayrı Başlığın Dil Kodu tur
082 ## - DEWEY ONLU SINIFLANDIRMA NUMARASI
Sınıflandırma Numarası 909.04943
Ürün Numarası Ş34z [t.y.]
090 ## - SINIFLAMA NUMARASI
Sınıflama Numarası 909.04943 Ş34z [t.y.]
100 ## - ANA GİRİŞ - KİŞİSEL İSİM
Kişisel Ad Şelic, H.
245 ## - BAŞLIK TABLOSU
Başlık Zaza gerçeği
Sorumluluk Tablosu, Vb H. Şelic
260 ## - YAYIN, DAĞITIM, VB
Yayın, Dağıtım, Vb Yeri Münih
Yayıncı, Dağıtıcı, Vs Adı Dicle - Fırat Yayınları
Yayın, Dağıtım, Vb Tarihi [t. y.]
300 ## - FİZİKSEL TANIM
Kapsam 40 s.
Boyutlar 20 sm.
490 ## - SERİSİ TABLOSU
Seri Beyanı Dicle - Fırat Yayınları
Hacim / Ardışık Tanımı 1
650 ## - KONU KATMA GİRİŞ - TOPİKAL DÖNEM
Topikal Süreli Veya Coğrafi Ad Giriş Elemanı Kürtler
Genel Alt Bölümü Tarih
650 ## - KONU KATMA GİRİŞ - TOPİKAL DÖNEM
Topikal Süreli Veya Coğrafi Ad Giriş Elemanı Zazalar
Genel Alt Bölümü Tarih
650 ## - KONU KATMA GİRİŞ - TOPİKAL DÖNEM
Topikal Süreli Veya Coğrafi Ad Giriş Elemanı Zazalar
Genel Alt Bölümü Etnik kimlik
942 ## - EKLENDİ GİRİŞ ELEMANLARI (KOHA)
Sınıflandırma Veya Raf Düzeni Kaynak Dewey Decimal Classification
Koha Öğesi Türü Books
999 ## - SİSTEM KONTROL NUMARALARI (KOHA)
Koha Biblionumber 434
Koha Biblioitemnumber 434
Holdings
Kalıcı Konum Mevcut Konum Edinme Tarihi Edinim Kaynak Toplam Check-Out'Lar Tam Çağrı Numarası Barkod Tarih Son Görülme İtibaren Geçerli Fiyatlar Koha Öğesi Türü
CHP Kütüphanesi CHP Kütüphanesi 08/13/2016 Bağış   909.04943 Ş34z [t.y.] 001136 08/13/2016 08/13/2016 Books